000 01401njm a2200277 i 4500
001 4582
003 ES-MaACL
005 20250718234739.0
007 s|r|||||||||||
008 041210s1981 sp ||| g ||||||||1|nspa d
100 1 _aFontana, Josep,
_d1931-2018
_951600
245 1 0 _aDe las propuestas de Bayona y Cádiz y la ruptura del bloque hispano-americano a la consolidación del estado liberal
_h[Grabación sonora] /
_cinterviene Josep Fontana i Lázaro.
260 _aMadrid :
_bAteneo de Madrid,
_c1981.
300 _a2 discos (CD-DA) (1 h. 28 min. 19 seg.) ;
_c12 cm.
490 1 _aConferencias sobre el ordenamiento territorial del estado en la historia de España
500 _aDatos basados en invitación.
518 _aActo organizado por la Sección de Historia del Ateneo de Madrid, dirigida por José Alcalá-Zamora y Queipo de Llano, grabado en el salón de actos, el miercoles 27 de mayo de 1981, a las 20:00 h.
610 2 4 _aAteneo de Madrid-
_xActos culturales-
_y1981-
_vGrabaciones sonoras.
_91893
650 0 4 _aLiberalismo-
_zEspaña-
_yS.XIX.
_914390
710 2 _aAteneo de Madrid.
_bSección de Historia.
_91994
830 0 _aConferencias sobre el ordenamiento territorial del Estado en la historia de España
_9176672
852 _aES-MaACL
_jROT 4/6/23
_94699
_cROT
852 _aES-MaACL
_jROT 4/6/24
_9203561
_cROT
942 _2udc
999 _c4582
_d4582